Gaming Quiz

Random Gaming Quiz

MUT Position Collections Ultimate Quiz Stats

 Plays Quiz not verified by Sporcle

Challenge
Share
Tweet
Embed
Score 0/90 Timer 07:00
0 Plays Today
Hint Player % Correct
FFs (Name a Fantasy in the collection)Tom Brady
100%
Legendary, BroncosJohn Elway
85.7%
Legendary, DolphinsBoosted Dan Marino
85.7%
Elite, GiantsSB Eli Manning
57.1%
Elite, SeahawksFA Matt Flynn
57.1%
WR Collection Reward 1Jerry Rice
57.1%
WR Collection Reward 2Randy Moss
57.1%
WR Collection Reward 3Calvin Johnson
57.1%
Elite, PanthersSteve Smith
57.1%
Elite, BengalsChad Ochocinco
57.1%
Elite, PatriotsRandy Moss
57.1%
Elite, BuccaneersFA Vincent Jackson
57.1%
Legendary, 49ersJerry Rice
57.1%
Elite, ChiefsTony Gonzalez
57.1%
RE Collection RewardBruce Smith
57.1%
Legendary, BillsBruce Smith
57.1%
Fantasy, BengalsMichael Johnson
57.1%
Elite, DolphinsFA David Garrard
42.9%
Legendary, Bears (Initials WP)Boosted Walter Payton
42.9%
Legendary, Bears (Initials GS)Boosted Gale Sayers
42.9%
Legendary, LionsBoosted Barry Sanders
42.9%
Keeper, GiantsDavid Wilson
42.9%
Keeper, BrownsTrent Richardson
42.9%
FB Collection RewardTony Richardson
42.9%
Elite, VikingsTony Richardson
42.9%
Elite, 49ersTerrell Owens
42.9%
Elite, BearsFA Brandon Marshall
42.9%
LT Collection RewardJoe Thomas
42.9%
RG Collection RewardJahri Evans
42.9%
LE Collection RewardReggie White
42.9%
Hint Player % Correct
Legendary, PackersReggie White
42.9%
Legendary, EaglesRegie White
42.9%
Fantasy, BearsJulius Peppers
42.9%
Elite, TitansAlbert Haynesworth
42.9%
CB Collection Reward 1Deion Sanders
42.9%
Legendary, CowboysDeion Sanders
42.9%
Legendary, 49ersDeion Sanders
42.9%
ROLB Collection RewardLawrence Taylor
42.9%
Legendary, GiantsBoosted Lawrence Taylor
42.9%
Fantasy, SteelersJames Harrison
42.9%
FS Collection RewardEd Reed
42.9%
Elite, SeahawksPro Bowl Earl Thomas
42.9%
Legendary, Ravens/SteelersBoosted Rod Woodson
42.9%
SS Collection RewardTroy Polamalu
42.9%
QB Collection RewardMichael Vick
28.6%
HB Collection Reward 1Arian Foster
28.6%
HB Collection Reward 2Frank Gore
28.6%
HB Collection Reward 3LaDanian Tomlinson
28.6%
Legendary, SeahawksShaun Alexander
28.6%
Legendary, RaidersBoosted Marcus Allen
28.6%
Legendary, RamsBoosted Eric Dickerson
28.6%
Keeper, 49ersLaMichael James
28.6%
Keeper, BuccaneersDoug Martin
28.6%
Keeper, DolphinsLamar Miller
28.6%
Elite, RedskinsChris Cooley
28.6%
TE Collection RewardJimmy Graham
28.6%
Elite, VikingsBryant McKinnie
28.6%
LG Collection RewardCarl Nicks
28.6%
Elite, VikingsSteve Hutchinson
28.6%
C Collection RewardNick Mangold
28.6%
Hint Player % Correct
Elite, BearsOlin Kreutz
28.6%
Elite, CowboysLeonard Davis
28.6%
RT Collection RewardEric Winston
28.6%
Elite, PackersMark Tauscher
28.6%
DT Collection RewardNdomakong Suh
28.6%
Elite, JaguarsJohn Henderson
28.6%
Playoff, PatriotsVince Wilfork
28.6%
CB Collection Reward 2Darelle Revis
28.6%
Elite, RedskinsChamp Bailey
28.6%
Elite, JaguarsRashean Mathis
28.6%
Elite, PatriotsAsante Samuel
28.6%
LOLB Collection RewardDeMarcus Ware
28.6%
Elite, ChargersShawne Merriman
28.6%
Fantasy, BroncosWesley Woodyard
28.6%
Fantasy, ChiefsTamba Hali
28.6%
Elite, BillsTakeo Spikes
28.6%
MLB Collection Reward 1Ray Lewis
28.6%
MLB Collection Reward 2Patrick Willis
28.6%
Fantasy, RedskinsLondon Fletcher
28.6%
Fantasy, PackersDesmond Bishop
28.6%
Elite, JetsJonathan Vilma
28.6%
Elite, BearsBrian Urlacher
28.6%
Legendary, PackersRay Nitschke
28.6%
Elite, ChargersPro Bowl Eric Weddle
28.6%
Fantasy, BillsJairus Byrd
28.6%
Fantasy, RedskinsO. Atogwe
28.6%
Elite, EaglesBrian Dawkins
28.6%
Fantasy, SeahawksKam Chancellor
28.6%
Fantasy, TexansConnor Barwin
14.3%
Fantasy, EaglesKurt Coleman
14.3%

You're not logged in!

Compare scores with friends on all Sporcle quizzes.
Join for Free
OR
Log In

You Might Also Like...

Show Comments

Extras

Created Aug 1, 2012ReportNominate
Tags:collection, player, ultimate

Top Quizzes Today


Score Distribution

Your Account Isn't Verified!

In order to create a playlist on Sporcle, you need to verify the email address you used during registration. Go to your Sporcle Settings to finish the process.

Report this User

Report this user for behavior that violates our Community Guidelines.

Details: